Turbo pascal : manual de bolsillo
| Main Author: | |
|---|---|
| Format: | Section = Libro |
| Language: | Undetermined Spanish |
| Published: |
United States
Iberoamérica
1990
|
| Subjects: |
| LEADER | 00499nam a2200181Ia 4500 | ||
|---|---|---|---|
| 008 | 240829s9999 xx 000 0 und d | ||
| 020 | |a 0-201-51831-7 | ||
| 040 | |a BIBLIOTECA-RUSB/ Ref 001.6424 Y48 | ||
| 041 | |a spa | ||
| 082 | |a Ref 001.6424 Y48 | ||
| 100 | 1 | |a Yester, Michael | |
| 245 | 1 | 0 | |a Turbo pascal : manual de bolsillo |
| 260 | |a United States |b Iberoamérica |c 1990 | ||
| 300 | |a 1981 p. :il. | ||
| 650 | 7 | |a LENGUAJES DE PROGRAMACION Y CODIFICACION | |
| 942 | |c BK |2 ddc | ||
| 991 | |a TEXTO | ||
| 999 | |c 5610 | ||